00385 a2200109 4500001001000000005001700010008004100027245012000068100002000188773005000208999001700258ART_3944520260410161841.0260409a 10aLa representación procesal de la Provincia de Buenos Aires y sus municipios y el nuevo Código Civil y Comercial1 aTulia, Mauro A.0 tRAPg- Año 38, Nº 452 (mayo 2016)wREV5941 c24106d24106